000 00619nam a2200205Ia 4500
001 10941
003 GE_BSU
008 181216s||||||||xx |||||||||||||| ||und||
040 _cGE_BSU
080 _a031(=161.1)
245 _aБольшая Энциклопедия
245 _bТринадцатый томь:Нерчинский заводь.
245 _cПодь Ред:С.Н.Южакова.
260 _aС.-Петербургь
260 _bПросвьщение.
260 _c1903.
300 _a794стр,илл,26см.
653 _aЭнциклопедический словарь
942 _cBK
999 _c44183
_d44183